Vybrané kapitoly z teorie ošetřování nemocných

Bibliographic Details
Main Author: Staňková, Marta, 1938-2003 (Author)
Format: Book
Language:Undetermined
PhysicalDescription:71 s.
Published: Brno Ústav pro další vzdělávání středních zdravotnických pracovníků 1974

MARC

LEADER 00000nam a2200000 a 4500
001 vtls001325140
003 SK-MaSNL
005 20260223215013.0
008 240318s1974 xr 0 und
035 |a SNK000277884 
040 |a SNK  |b slo  |c SNK  |e AACR2 
044 |a xr  |c CZ 
100 1 |a Staňková, Marta,  |d 1938-2003  |4 aut 
245 1 0 |a Vybrané kapitoly z teorie ošetřování nemocných 
260 |a Brno  |b Ústav pro další vzdělávání středních zdravotnických pracovníků  |c 1974 
300 |a 71 s. 
958 |a OND 
999 |c 717554  |d 719484 
952 |t P60, <04>, [BOOK], {604}  |a SNK  |b SNK  |y VYP  |7 0  |p 17A0129942  |o snkIB 32145  |0 0  |1 0  |4 0  |d 1998-03-19  |l 0  |r 2005-01-02 00:00:00  |w 2026-02-23